Statystyki dla Państwa z największą liczbą wulkanów

Kliknij tutaj aby rozwiązać quiz!

Ogólne statystyki

  • Ten quiz został rozwiązany 16 847 razy
  • Średni wynik to 5 z 10

Statystyki odpowiedzi

#Kraj% Poprawnych
76Stany Zjednoczone
91%
62Japonia
81%
60Rosja
78%
79Indonezja
69%
27Islandia
66%
45Chile
51%
22Filipiny
50%
22Papua-Nowa Gwinea
28%
23Ekwador
23%
19Portugalia
12%

Rozkład punktacji

Percentyl według liczby udzielonych odpowiedzi

Procent ludzi z każdym wynikiem

Twoja historia wyników

Nie rozwiązałeś tego quizu